Giáo trình lập trình C/C++ trên Linux

Giới thiệu khái quát về Linux, cách thiết lập môi trường lập trình cho ngôn ngữ C/C++ trên Linux, thao tác vào ra với hệ thống, các cơ chế giao tiếp giữa các tiến trình, thao tác sâu với hệ thống, các cách tạo và cách sử dụng các loại thư viện, cách phát triển các ứng dụng có sử dụng các hệ quản trị...

Disgrifiad llawn

Wedi'i Gadw mewn:
Manylion Llyfryddiaeth
Prif Awdur: Nguyễn Trí Thành
Fformat: Llyfr
Iaith:Vietnamese
Cyhoeddwyd: H. Giáo dục 2010
Pynciau:
Tagiau: Ychwanegu Tag
Dim Tagiau, Byddwch y cyntaf i dagio'r cofnod hwn!
Thư viện lưu trữ: Mạng thư viện Đại học Đà Nẵng
LEADER 01832aam a22004098a 4500
001 000018189
003 14616
005 20130924090958.0
008 130920s2010 viesd
020 |c 50000đ  |d 1000b 
041 0 |a vie 
082 1 4 |2 14  |a 005.268  |b NG-T 
100 1 |a Nguyễn Trí Thành 
245 1 0 |a Giáo trình lập trình C/C++ trên Linux  |c Nguyễn Trí Thành 
260 |a H.  |b Giáo dục  |c 2010 
300 |a 271 tr.  |b minh hoạ  |c 27 cm. 
504 |a Thư mục: tr. 271 
520 |a Giới thiệu khái quát về Linux, cách thiết lập môi trường lập trình cho ngôn ngữ C/C++ trên Linux, thao tác vào ra với hệ thống, các cơ chế giao tiếp giữa các tiến trình, thao tác sâu với hệ thống, các cách tạo và cách sử dụng các loại thư viện, cách phát triển các ứng dụng có sử dụng các hệ quản trị cơ sở dữ liệu, ứng dụng giao diện đồ hoạ... 
650 0 4 |2 Bộ TK TVQG  |a C++ (Ngôn ngữ lập trình)  |v Giáo trình  |x Linux 
650 7 |2 Bộ TK TVQG 
650 0 4 |2 Bộ TK TVQG  |a Hệ điều hành Linux 
650 0 4 |a C (Ngôn ngữ lập trình)  |v Giáo trình  |x Linux 
650 0 4 |a Linux (Hệ điều hành) 
653 |a Ngôn ngữ C 
653 |a Hệ điều hành Linux 
653 |a Tin học 
655 7 |2 Bộ TK TVQG  |a Giáo trình 
OWN |a LSP 
AVA |a UDN50  |b LSP  |d 005.268 NG-T  |e check_holdings  |t Error 5003 Not defined in file expand_doc_bib_avail.  |h N  |k 1 
999 |a From the UDN01 
AVA |a UDN50  |b LSP  |d 005.268 NG-T  |e available  |t Error 5001 Not defined in file expand_doc_bib_avail.  |f 20  |g 0  |h N  |i 4  |k 1 
TYP |a Monograph 
TYP |a Printed language 
980 |a Mạng thư viện Đại học Đà Nẵng